[Event "Minsk op"]
[Site "Minsk"]
[Date "2023.11.06"]
[Round "4"]
[White "Saskavets, Yauheni"]
[Black "Krauchuk, Volha"]
[Result "1-0"]
[WhiteElo "1320"]
[BlackElo "1600"]
[PlyCount "32"]
[EventDate "2023.11.03"]
[EventType "swiss"]
[EventRounds "9"]
[EventCountry "BLR"]
[SourceTitle "CB46_2023"]
[SourceDate "2023.11.15"]
[SourceVersion "1"]
[SourceVersionDate "2023.11.15"]
[SourceQuality "1"]

1. d4 d5 2. c4 b6 3. Nc3 Nf6 4. Nf3 e6 5. Bg5 Bb7 6. e3 Bb4 7. cxd5 Qxd5 8. Be2 Qa5 9. 0-0 Bxf3 10. Bxf3 Qxg5 11. Bxa8 c6 12. Qa4 Bxc3 13. Bxc6+ Nbd7 14. bxc3 a5 15. Rab1 b5 16. Rxb5 Nd5 1-0